| 000 | 00433nam a2200181Ia 4500 | ||
|---|---|---|---|
| 001 | 2018 | ||
| 005 | 20260306143811.0 | ||
| 008 | 260306t2019||||xx |||||||||||||| ||spa|| | ||
| 041 | _aESP | ||
| 082 |
_a610.902 _bS83 |
||
| 100 |
_aStrehlow, Wighard, _eAUT |
||
| 245 | 0 | _aManual de medicina de Santa Hildegarda | |
| 260 | _c2019 | ||
| 300 |
_a317 páginas : _c24 cm. |
||
| 650 | _aGEN | ||
| 654 | _aCCS | ||
| 942 |
_cLIB _dJUS _fJUS _2ddc _n |
||
| 999 |
_c2018 _d2018 |
||